Liens de Parenté - Statistiques

Statistiques générales
  • Ce quiz a été pris 842 fois
  • Le résultat moyen est 8 sur 10
Statistiques - réponses
Définition Mot % Correct
Frère du père ou de la mère. Oncle
98%
Seconde femme du père par rapport aux enfants du premier mariage de celui-ci. Belle-Mère
97%
Mère du père ou de la mère. Grand-Mère
94%
Fils du frère ou de la soeur. Neveu
93%
Epoux de la fille, par rapport au père et à la mère de celle-ci. Gendre
91%
Le premier-né. Aîné
83%
Frère de par le père ou la mère seulement. Demi-Frère
80%
Celle dont on est le parrain, la marraine. Filleule
76%
Fille du petit-fils ou de la petite-fille. Arrière-Petite-Fille
71%
Mère des aïeuls. Bisaïeule
7%
Aucun quiz correspondant
Distribution des résultats
% des personnes avec chaque résultat
Percentile par nombre de réponses
Votre historique - résultats
Vous n’avez pas pris ce quiz